| 000 | 00952nam a22003137a 4500 | ||
|---|---|---|---|
| 003 | CHAP | ||
| 005 | 20220329135139.0 | ||
| 008 | 971013s1973 r 00010 d | ||
| 010 | _a31655 | ||
| 011 | _a32627 | ||
| 035 | _a36742 | ||
| 040 | _cCHAP | ||
| 082 |
_a339.23 _bN3Y |
||
| 100 | 0 | 0 |
_aNaylor, Thomas H. _980636 |
| 245 | _aEconomÃa de la empresa | ||
| 260 |
_aBuenos Aires : _bAmorrortu, _c1973 |
||
| 300 | _a506 p. | ||
| 590 |
_aBATCH-UPD _b10 _c20130110 _lUCH01 _h1931 |
||
| 590 |
_aBATCH-UPD _b10 _c20130410 _lUCH01 _h1255 |
||
| 590 |
_aBATCH-UPD _b10 _c20130914 _lUCH01 _h1817 |
||
| 590 |
_aCONVERSION _b10 _c20130109 _lUCH01 _h1318 |
||
| 650 | 1 | 4 |
_aMicroeconomÃa. _975508 |
| 650 | 1 | 4 |
_aToma de decisiones. _9113662 |
| 700 | 0 |
_aVernon, John M. _9118942 |
|
| 901 | _aBK | ||
| 942 | _cLIBRO | ||
| 949 |
_a339.23 N3Y _bBC _cLIBRO _d-84548 _eLIBRO _fc.3 _h32973 _i36742 _si |
||
| 949 |
_a339.23 N3Y _bBC _cLIBRO _d33724000379822 _eLIBRO _h32971 _i36742 _sm |
||
| 999 |
_c31655 _d31655 |
||